|
|
|
|
| LEADER |
01407nam a2200361 a 4500 |
| 001 |
33175 |
| 003 |
BD-DhAAL |
| 005 |
20250625160331.0 |
| 008 |
180610t1993 nyu b 001 0 eng |
| 010 |
|
|
|a 93006753
|
| 020 |
|
|
|a 0801422256 (alk. paper)
|
| 020 |
|
|
|a 0801481457 (pbk. : alk. paper)
|
| 020 |
|
|
|a 9780826477127
|
| 040 |
|
|
|a DLC
|c DLC
|d DLC
|d BD-DhAAL
|
| 041 |
1 |
|
|a eng
|
| 050 |
0 |
0 |
|a HQ32
|b .I7513 1993
|
| 082 |
0 |
0 |
|a 176
|2 20
|
| 100 |
1 |
|
|a Irigaray, Luce.
|9 26213
|
| 240 |
1 |
0 |
|a Ethique de la différence sexuelle
|l English
|
| 245 |
1 |
3 |
|a An ethics of sexual difference /
|c Luce Irigaray ; translated by Carolyn Burke and Gillian C. Gill.
|
| 260 |
|
|
|a London :
|b Continuum,
|c c1993.
|
| 300 |
|
|
|a 179 pages ;
|c 23 cm.
|
| 504 |
|
|
|a Includes bibliographical references.
|
| 520 |
|
|
|a Luce Irigaray is the foremost feminine thinker on sexual difference of our times whose work ranges over philosophy, psychoanalysis, linguistics and social critique.
|
| 526 |
|
|
|a AAL
|
| 541 |
|
|
|a Complimentary copy
|e 33175
|
| 650 |
|
0 |
|a Sexual ethics.
|9 26214
|
| 650 |
|
0 |
|a Feminist theory.
|9 26215
|
| 650 |
|
0 |
|a Philosophy.
|9 26216
|
| 852 |
|
|
|a Ayesha Abed Library
|c General Stacks
|
| 942 |
|
|
|2 ddc
|c BK
|
| 999 |
|
|
|c 39506
|d 39506
|
| 952 |
|
|
|0 0
|1 0
|2 ddc
|4 0
|6 176_000000000000000_IRI
|7 0
|9 63520
|a BRACUL
|b BRACUL
|c GEN
|d 2018-06-10
|e Complimentary copy
|l 1
|m 1
|o 176 IRI
|p 3010033175
|r 2024-05-29
|s 2024-05-06
|t 1
|w 2018-06-10
|y BK
|